Odgadnij miasto #1 - Statystyki

Ogólne statystyki
  • Ten quiz został rozwiązany 742 razy
  • Średni wynik to 20 z 36
Statystyki odpowiedzi
Rodzaj podpowiedzi Odpowiedź % Poprawnych
Kontynent Europa
97%
Kontynent Europa
97%
Kontynent Azja
96%
Kontynent Azja
96%
Umiejscowienie kraju na kontynencie Północ
88%
Umiejscowienie miasta w kraju Północ
88%
Umiejscowienie kraju na kontynencie Północ
88%
Umiejscowienie miasta w kraju Południe
87%
Umiejscowienie kraju na kontynencie Wschód
87%
Umiejscowienie kraju na kontynencie Wschód
87%
Umiejscowienie miasta w kraju Wschód
87%
Umiejscowienie miasta w kraju Wschód
87%
Kontynent Afryka
86%
Kontynent Ameryka Północna
86%
Umiejscowienie kraju na kontynencie Zachód
86%
Kraj Szwecja
74%
Kraj Chiny
68%
Kraj Kanada
67%
Umiejscowienie miasta w kraju Południowy zachód
56%
Umiejscowienie kraju na kontynencie Południowy zachód
52%
Kraj Hiszpania
51%
Umiejscowienie miasta w kraju Centrum
45%
Kraj Iran
37%
Miasto Göteborg
30%
Jednostka administracyjna Hongkong
30%
Miasto Hongkong
30%
Jednostka administracyjna Kraj Basków
30%
Kraj Tanzania
30%
Jednostka administracyjna Västra Götaland
30%
Miasto Bilbao
29%
Jednostka administracyjna Dar es Salaam
11%
Miasto Dar es Salaam
11%
Jednostka administracyjna Isfahan
5%
Miasto Isfahan
5%
Miasto Labrador City
4%
Jednostka administracyjna Nowa Fundlandia i Labrador
4%
Nie znaleziono quizów pasujących do podanych kryteriów
Rozkład punktacji
Procent ludzi z każdym wynikiem
Percentyl według liczby udzielonych odpowiedzi
Twoja historia wyników
Nie rozwiązałeś tego quizu